000 01625nam a2200373 c 4500
003 BLK
005 20250605182557.0
008 180410b bul|||||r ||||||| ||bul||
010 _aKNG00167874000
040 _aBLK
041 _aBUL
_cBUL
072 7 _2bullib
_aН83
_xЧужда художествена литература Н
080 _aАнглийска литература
_b821.111
_x-93-34
_z821.111-93-34
700 1 _aЧайлд, Джеръми
_eпо идея на
_9334884
700 1 _aРобъртс, Джилиан
_eил.
_9334885
139 _aЧайлд, Джеръми
_bЧ 16
245 1 0 _aГолямото приключение на малкото бухалче
_cпо идея на Джеръми Чайлд; ил. Джилиан Робъртс.
257 _aGBR
260 София
_bФют
_c2012
_fотпеч. в Китай
300 _a8 с.
_bс цв. ил.
_c18 см
380 _aDX
490 1 _aЗавъртете колелото и ще се запознаете с приятелите на....
500 _aКор. опис. - Без сведение за ориг. загл. - Отпеч. на ламиниран картон с нестандартна форма.
653 _aкниги-игри
653 _aлитература за деца
653 _aдетска литература
659 _aН
852 _aЦб І 36501
856 4 _qpdf
_u
856 4 _qpdf
_u
942 _cKNG
_n0
_015
944 _aCR
_c27.11.2014
_lБояна Костадинова
_k30551
944 _aED
_c24.01.2015
_lф /
_kЛюдмила_Стоянова
999 _c160593
_d160593